书目信息 |
| 题名: |
大学物理
|
|
| 作者: | 时新玲 , 刘云鹏 主编 | |
| 分册: | ||
| 出版信息: | 西安 西北工业大学出版社 2006.08 |
|
| 页数: | 198页 | |
| 开本: | 23cm | |
| 丛书名: | 农林三导丛书 | |
| 单 册: | ||
| 中图分类: | O4 | |
| 科图分类: | ||
| 主题词: | 物理学--wu li xue--高等学校--教学参考资料 | |
| 电子资源: | ||
| ISBN: | 7-5612-2111-8 | |
| 000 | 01008nam 2200277 450 | |
| 001 | 012006467489 | |
| 005 | 20070611154340.93 | |
| 010 | @a7-5612-2111-8@dCNY18.00 | |
| 100 | @a20061211d2006 km y0chiy0120 ea | |
| 101 | 0 | @achi |
| 102 | @aCN@b610000 | |
| 105 | @ay a 000yy | |
| 200 | 1 | @a大学物理@Ada xue wu li@e中国农业版@e导教·导学·导考@f时新玲, 刘云鹏主编@Fshi xin ling,liu yun peng zhu bian |
| 210 | @a西安@c西北工业大学出版社@d2006.08 | |
| 215 | @a198页@d23cm | |
| 225 | 2 | @a农林三导丛书@Anong lin san dao cong shu |
| 320 | @a有书目 (第198页)。 | |
| 330 | @a本书主要介绍了常用的物理实验的基本原理、方法等。本是是一本新体系、新内容的物理实验教材,还需要在教学实践中不断研究探索等。 | |
| 410 | 0 | @12001 @a农林三导丛书 |
| 517 | 1 | @a导教·导学·导考@Adao jiao·dao xue·dao kao |
| 606 | 0 | @a物理学@Awu li xue@x高等学校@j教学参考资料 |
| 690 | @aO4@v4 | |
| 701 | 0 | @a时新玲@Ashi xin ling@4主编 |
| 701 | 0 | @a刘云鹏@Aliu yun peng@4主编 |
| 801 | 0 | @aCN@c20070611 |
| 905 | @a10447@dO4@eS562 | |
| 大学物理:中国农业版:导教·导学·导考/时新玲, 刘云鹏主编.-西安:西北工业大学出版社,2006.08 |
| 198页;23cm.-(农林三导丛书) |
| ISBN 7-5612-2111-8:CNY18.00 |
| 本书主要介绍了常用的物理实验的基本原理、方法等。本是是一本新体系、新内容的物理实验教材,还需要在教学实践中不断研究探索等。 |
| ● |
| 相关链接 |
|
|
|
正题名:大学物理
索取号:O4/S562
 
预约/预借
| 序号 | 登录号 | 条形码 | 馆藏地/架位号 | 状态 | 备注 |
| 1 | 230338 | 202303382 | 自科库401/401自科库 54排4列3层/ [索取号:O4/S562] | 在馆 | |
| 2 | 230339 | 202303391 | 自科库401/401自科库 54排4列3层/ [索取号:O4/S562] | 在馆 | |
| 3 | 230340 | 202303408 | 自科库401/401自科库 54排4列3层/ [索取号:O4/S562] | 在馆 |